MEDIA VIMARSH (Record no. 5316)

MARC details
000 -LEADER
fixed length control field 00358nam a22001577a 4500
005 - DATE AND TIME OF LATEST TRANSACTION
control field 20161024110022.0
008 - FIXED-LENGTH DATA ELEMENTS--GENERAL INFORMATION
fixed length control field 161024b xxu||||| |||| 00| 0 eng d
020 ## - INTERNATIONAL STANDARD BOOK NUMBER
ISBN 81-7138-025-5
041 ## - LANGUAGE CODE
Language code of text/sound track or separate title eng
100 ## - MAIN ENTRY--AUTHOR NAME
Personal name JOSHI,RAMSHARAN
245 ## - TITLE STATEMENT
Title MEDIA VIMARSH
260 ## - PUBLICATION, DISTRIBUTION, ETC. (IMPRINT)
Name of publisher SAMAYIK
300 ## - PHYSICAL DESCRIPTION
Number of Pages 191
650 ## - SUBJECT ADDED ENTRY--TOPICAL TERM
Topical Term MASS COM @JOURLISIM
942 ## - ADDED ENTRY ELEMENTS (KOHA)
Koha item type Books
Holdings
Lost status Damaged status Home library Current library Shelving location Date acquired Source of acquisition Cost, normal purchase price Accession Number Koha item type
    JRU Library   SHELF-31-I 24/10/2016 Purchase 200.00 21444 Books
    JRU Library   SHELF-32-G 24/10/2016 Purchase 200.00 21445 Books
    JRU Library   SHELF-31-I 24/10/2016 Purchase 200.00 21446 Books
    JRU Library   SHELF-32-G 24/10/2016 Purchase 200.00 21447 Books